| 000 | 00537nam a2200181Ia 4500 | ||
|---|---|---|---|
| 003 | GCL | ||
| 008 | 140319s9999 xx 000 0 ara d | ||
| 040 |
_aGCL / _cGCL |
||
| 082 | 0 | 4 |
_a070.956 _bف ص |
| 100 | 1 | _aفاروق ابوزيد | |
| 245 | 1 | 0 |
_aالصحافة العربية المهاجرة / _cفاروق ابوزيد |
| 260 |
_aالقاهرة : _bمكتبة مدبولى ، _c1993 |
||
| 300 |
_a477 ص ؛ _c25 سم |
||
| 490 | _a | ||
| 650 | 0 | 4 | _aالاعلام |
| 650 | 0 | 4 | _aالصحافة العربية |
| 942 |
_2ddc _cBK |
||
| 999 |
_c37626 _d37626 |
||